| 000 | 01000nmc a2200337 a 4500 | ||
|---|---|---|---|
| 003 | AR-BaBNM | ||
| 005 | 20251128204840.0 | ||
| 008 | 226019s1986 ||||||||||||||000 | spa|| | ||
| 040 | _cAR-BaBNM | ||
| 100 | 1 | _aCantón, Darío | |
| 245 | 1 | 0 | _aLa democracia constitucional y su crisis |
| 260 |
_aBuenos Aires _bHyspamérica _c1986 |
||
| 300 | 0 |
_a223 p. _bil., tablas |
|
| 490 | 0 |
_aBiblioteca argentina de historia y política _vv. 36 |
|
| 500 | 0 | _aIndice de nombres y lugares: p. 217-221 | |
| 500 | 0 | _aIndice de temas: p. 222-223 | |
| 504 | _aBibliografías: p. 115, 215-216 | ||
| 650 | 4 | _aHISTORIA POLITICA ARGENTINA | |
| 650 | 4 | _aIDEOLOGIAS POLITICAS | |
| 650 | 4 | _aHISTORIA DE LAS IDEAS | |
| 650 | 4 | _aPARTIDOS POLITICOS ARGENTINOS | |
| 650 | 4 | _aDEMOCRACIA | |
| 650 | 4 | _aSINDICALISMO | |
| 650 | 4 | _aNACIONALISMO | |
| 651 | 4 | _aArgentina | |
| 700 | 1 | _aMoreno, José Luis | |
| 700 | 1 | _aCiria, Alberto | |
| 800 | 1 |
_aCostantini, Pablo _edirector |
|
| 942 | _cBK | ||
| 998 | _cEnrique | ||
| 999 |
_c9037 _d9037 |
||